The abnormal person and his world / (Record no. 131809)

MARC details
000 -LEADER
fixed length control field 00658nam a22002297a 4500
005 - DATE AND TIME OF LATEST TRANSACTION
control field 20170124110143.0
010 ## - LIBRARY OF CONGRESS CONTROL NUMBER
LC control number 465656
020 ## - INTERNATIONAL STANDARD BOOK NUMBER
Terms of availability 9.00
035 ## - SYSTEM CONTROL NUMBER
System control number 465656
037 ## - SOURCE OF ACQUISITION
Source of stock number/acquisition Cen Lib/Ret
040 ## - CATALOGING SOURCE
Original cataloging agency DPL
Language of cataloging EN
082 ## - DEWEY DECIMAL CLASSIFICATION NUMBER
Classification number 132
Item number SET
100 ## - MAIN ENTRY--PERSONAL NAME
Personal name Stern, Paul J.
9 (RLIN) 32865
245 ## - TITLE STATEMENT
Title The abnormal person and his world /
Statement of responsibility, etc by Paul J. stern
260 ## - PUBLICATION, DISTRIBUTION, ETC. (IMPRINT)
Place of publication, distribution, etc New Delhi
Name of publisher, distributor, etc Affilaited East West Press
Date of publication, distribution, etc 1966
270 ## - ADDRESS
City New Delhi
300 ## - PHYSICAL DESCRIPTION
Extent xi, 239p.
Dimensions 21cm(Hb)
500 ## - GENERAL NOTE
General note Includes bibliographical references and index
650 ## - SUBJECT ADDED ENTRY--TOPICAL TERM
Topical term or geographic name as entry element Psychology
9 (RLIN) 101679
650 ## - SUBJECT ADDED ENTRY--TOPICAL TERM
Topical term or geographic name as entry element Abnormal psychology
9 (RLIN) 26757
942 ## - ADDED ENTRY ELEMENTS (KOHA)
Source of classification or shelving scheme Dewey Decimal Classification
Koha item type English Books
Classification part 132
Call number suffix SET
Holdings
Withdrawn status Lost status Damaged status Not for loan Home library Current library Date acquired Source of acquisition Cost, normal purchase price Total Checkouts Full call number Barcode Date last seen Copy number Cost, replacement price Price effective from Koha item type Public note
Written off       Central Library Central Library 16/07/2015 Cen Lib/Ret 9.00   132 SET 465656 16/07/2015 1 9.00 16/07/2015 English Books Written off on approval by DLB (By Circulation); dtd 15-06-2023

© Delhi Public Library
Hit Counter
free hit counter